000 00574nam a22001937a 4500
005 20241102144047.0
008 241102b |||||||| |||| 00| 0 eng d
020 _a9781292018386
050 _aHB172
_b.B233 BAD
100 _aBade Robin
245 _aFoundations of Microeconomics
_cRobin Bade & Michael Parkin
250 _a7th Ed.
260 _aBoston
_bPearson Education Ltd.
_c2015
300 _a570p (various pagings);
_bill. color;
_c27.5cm x 21.5cm
500 _aIncludes Index
650 _2Microeconomics
700 _aParkin Michael
942 _2lcc
_cBK
_e7th Ed.
_n0
999 _c562
_d562